000 00915nam a2200229Ia 4500
003 GCL
008 140319s9999 xx 000 0 ara d
020 _a1979270977
040 _aGCL /
_cGCL
082 0 4 _a026
_bع م
100 1 _aمحمد فتحى عبدالهادى
245 1 0 _aالمكتبات الرقمية :
_bالاسس النظرية . والتطبيقات العملية /
_cمحمد فتحى عبدالهادى
700 1 _aعماد عيسى صالح محمد
260 _aالقاهرة :
_bالدار المصرية اللبنانية ،
_c2006
300 _a286 ص ؛
_c24 سم
650 0 4 _aالمكتبات - ميكنة
650 0 4 _aالمكتبات الرقمية - تعريف
650 0 4 _aالمكتبات الرقمية - ادارة
650 0 4 _aالمكتبات الرقمية - وظائف
650 0 4 _aالمكتبات الرقمية - تنظيم - مصر
942 _2ddc
_cBK
999 _c8006
_d8006